| 000 | 01082cab a2200277 4500 | ||
|---|---|---|---|
| 001 | ABS59413 | ||
| 008 | 090401t1998 xxu||||| |||| 00| 0 eng d | ||
| 035 | _a(Sirsi) u88987 | ||
| 041 | _aeng | ||
| 100 | _aMcGreal, S. | ||
| 245 | 4 | _aThe suitability of premises for business use: an evaluation of supply/demand variations | |
| 260 | _c1998 | ||
| 350 | _a0 | ||
| 490 |
_aProperty Management _v16(3) 1998, 134-144(11) |
||
| 520 | _aDetails the findings of a survey of City of London investment properties and their tenants which illustrate the variations in physical design/quality attributes and business characteristics, providing an evaluation of supply and demand needs for different elements of their premises. | ||
| 650 | _aBUILDING PERFORMANCE | ||
| 650 | _aCITY OF LONDON | ||
| 650 |
_aFACILITIES MANAGEMENT _96240 |
||
| 650 | _aOFFICE DESIGN | ||
| 650 | _aPROPERTY-COMMERCIAL PROPERTY-OFFICE PROPERTY-OFFICE PROPERTY MARKET | ||
| 690 | _aPROPERTY-COMMERCIAL PROPERTY | ||
| 700 | _aBottom, C. | ||
| 700 | _aHeaney, G. | ||
| 942 | _n0 | ||
| 948 | _c14/10/1998 | ||
| 999 |
_c56271 _d56271 |
||